00482pab a2200157 454500008004000000100001900040245012100059260000900180300001400189362000800203650002300211650001500234700002100249700002000270773003400290180718b2006 xxu||||| |||| 00| 0 eng d aSrinivas, E.S. aAn examination of transformational and transactional leadership: a study of dimensions and outcomes in India context c2006 ap.208-27. aAug aLeadership - India aLeadership aVikramaditya, E. aKumar, G. Ashok aManagement and Labour Studies